000
00328nam a2200133Ia 4500
008
240624s9999 xx 000 0 und d
041
_a
eng
082
_a
658.4092 POS
100
_a
POSCENTE VINCE
245
_a
ANT AND THE ELEPHANT
260
_c
2006
_a
Mumbai
_b
Embassy Books
300
_a
115 : p. : cm. ; 20
365
_c
RS
_b
25
999
_c
22268
_d
22268